000 00878nam a2200217 a 4500
001 BRCA_8987
005 20190320210501.0
008 110717s1766----sp-#######---#000-0#lat-#
041 _alat
044 _aspa
084 _aLM5
_b.G732 1766
100 1 _aGranatensi, Ludovico
_d1504 - 1588
_922305
245 1 0 _aSecundus tomus Concionum de tempore, quae ab initio quadragesimae usque ad quartam ejus Dominicam haberi solent
_cauctore R.P.F. Ludovico Granatensi, Sac. Theol. Monacho Dominicano.
260 _aValentiae Hedetanorum
_bIn oficina viduae Josephi de Orga
_c1766
300 _a523 p. (t.2)
_c21 x 16 cm
500 _aSuperiorum permissu
500 _aEstado físico: presenta encuadernación en pergamino con cintas, cantos decorados y presencia del pez de plata
650 1 4 _aFiestas religiosas
_yObras anteriores a 1800
_922306
902 _aCFM
942 _2lcc
_cB
999 _c8638
_d8638